Status of Coconut Research and Development in India,Malaysia,Srilanka and Tanzania (Record no. 4975)

MARC details
000 -LEADER
fixed length control field 00383nam a2200145Ia 4500
003 - CONTROL NUMBER IDENTIFIER
control field OSt
082 ## - DEWEY DECIMAL CLASSIFICATION NUMBER
Classification number 634.61
Item number ABR/ST
100 ## - MAIN ENTRY--PERSONAL NAME
Personal name Abraham,C C
245 ## - TITLE STATEMENT
Title Status of Coconut Research and Development in India,Malaysia,Srilanka and Tanzania
260 ## - PUBLICATION, DISTRIBUTION, ETC. (IMPRINT)
Place of publication, distribution, etc Thrissur
Name of publisher, distributor, etc Kerala Agricultural University
Date of publication, distribution, etc 1998
300 ## - PHYSICAL DESCRIPTION
Extent 56
546 ## - LANGUAGE
Language note English
700 ## - ADDED ENTRY--PERSONAL NAME
Personal name Kumaran,K
942 ## - ADDED ENTRY ELEMENTS (KOHA)
Source of classification or shelving scheme Dewey Decimal Classification
Koha item type KAU Publications
Holdings
Lost status Source of classification or shelving scheme Damaged status Not for loan Collection code Home library Current library Shelving location Date acquired Total Checkouts Full call number Barcode Date last seen Koha item type
  Dewey Decimal Classification     KAU Publication KAU Central Library, Thrissur KAU Central Library, Thrissur IR 18/03/2014   IR 634.61 ABR/ST 211430 18/03/2014 Reference Book
  Dewey Decimal Classification       KAU Central Library, Thrissur KAU Central Library, Thrissur General 18/03/2014   634.61 ABR/ST 211431 18/03/2014 Books (General)
  Dewey Decimal Classification       KAU Central Library, Thrissur KAU Central Library, Thrissur General 18/03/2014   634.61 ABR/ST 211432 18/03/2014 Books (General)
Kerala Agricultural University Central Library
Thrissur-(Dt.), Kerala Pin:- 680656, India
Ph : (+91)(487) 2372219
E-mail: librarian@kau.in
Website: http://library.kau.in/